Geography Quiz

Random Geography or State Quiz

US States: Letter per Letter Quiz Stats

 Plays Quiz Updated Nov 12, 2018

Challenge
Share
Tweet
Embed
Score 0/63 Timer 08:00
0 Plays Today
Letter Capital(s) % Correct
1st LetterAlabama...
99.6%
1st LetterCalifornia...
98%
1st LetterIdaho...
96.1%
1st LetterDelaware
95.9%
1st LetterMaine...
95.6%
1st LetterNebraska...
95.6%
1st LetterKansas...
95.4%
1st LetterGeorgia
95.3%
1st LetterOhio...
95.3%
1st LetterFlorida
94.7%
1st LetterWashington...
94.3%
1st LetterVermont...
93.5%
1st LetterTennessee...
93.1%
1st LetterUtah
92.6%
1st LetterHawaii
92.4%
2nd LetterCalifornia...
92.3%
1st LetterLouisiana
91.6%
1st LetterRhode Island
91.5%
2nd LetterDelaware...
91.1%
1st LetterPennsylvania
90.3%
1st LetterSouth Carolina...
88.8%
2nd LetterAlabama...
85.9%
2nd LetterIdaho
84.7%
2nd LetterColorado...
83.1%
2nd LetterOhio...
82.9%
2nd LetterVirginia...
82.1%
2nd LetterArizona...
78.9%
3rd LetterAlabama...
78.1%
2nd LetterWyoming
71.9%
3rd LetterConnecticut...
67.8%
3rd LetterCalifornia...
67.3%
2nd LetterIndiana
66.9%
Letter Capital(s) % Correct
2nd LetterUtah
66.9%
3rd LetterHawaii...
66.7%
2nd LetterOklahoma
66.5%
3rd LetterMassachusetts...
64.3%
3rd LetterFlorida...
63.8%
3rd LetterMaryland...
63%
3rd LetterNebraska
62%
3rd LetterArizona...
61.9%
3rd LetterTexas
61.9%
4th LetterArkansas...
61.3%
3rd LetterLouisiana...
58.2%
4th LetterIdaho...
57.1%
4th LetterCalifornia...
55.7%
4th LetterConnecticut...
55.6%
4th LetterAlaska...
54.8%
3rd LetterArkansas
52.5%
4th LetterFlorida...
52.3%
4th LetterKentucky...
52%
4th LetterNew Mexico...
51.5%
4th LetterColorado...
51%
4th LetterMaryland...
49.7%
3rd LetterNevada
49.7%
4th LetterAlabama
49.3%
4th LetterArizona
49.4%
4th LetterNew Jersey
45.2%
3rd LetterIndiana
43.7%
4th LetterOregon...
42.7%
3rd LetterOregon
41.5%
3rd LetterMichigan
41%
4th LetterRhode Island
37.5%
4th LetterWisconsin
27.2%

You're not logged in!

Compare scores with friends on all Sporcle quizzes.
OR
Log In

You Might Also Like...

Show Comments

Extras

Top Quizzes Today


Score Distribution

Your Account Isn't Verified!

In order to create a playlist on Sporcle, you need to verify the email address you used during registration. Go to your Sporcle Settings to finish the process.

Report this User

Report this user for behavior that violates our Community Guidelines.

Details: